| 000 | 02019nam a22002417a 4500 | ||
|---|---|---|---|
| 003 | OSt | ||
| 005 | 20250813130314.0 | ||
| 008 | 250813b |||||||| |||| 00| 0 eng d | ||
| 020 | _a9781032764047 | ||
| 040 | _ckul | ||
| 082 |
_a181.4 _bVOH/T |
||
| 084 | _2Colon Classification | ||
| 100 |
_aVohra, Ashok (Eds.) _9571 |
||
| 245 |
_aTowards a New Philosophy: _bThe Unpublished Writings of K Satchidananda Murty |
||
| 260 |
_aNew York: _bRoutledge, _c©2024 |
||
| 300 | _aviii, 108p. | ||
| 520 | _aKotta Satchidananda Murty (1924–2011) was a vociferous writer and an iconoclast. In recognition of his contribution in the field of Philosophy, he was awarded the highly coveted BC Roy Award in Philosophy, and Padma Vibhushan by the Government of India. This volume is a collection of his unpublished writings. It presents Murty’s unpublished keynote addresses, papers presented in seminars and lectures which show his reflections and arguments in contrast to contemporary philosophers with regard to recent developments in philosophy. The writings reveal Murty’s rejection of established theories by well-known eastern and western philosophers, as well as his arguments in their support, and present a new interpretation of their contention in the contemporary idiom. Murty critically evaluates the contemporary arguments of Malcolm, James Ross, Alvin Plantinga, Charles Hawthorne, Jean-Paul Sartre, Anthony Flew, EH Madden and PH Hare. An important contribution, the book assesses K. Satchidananda Murty’s contribution to philosophy during sixty-one years of his engagement with active writing and teaching. It will be of great interest to scholars, teachers and students of Indian philosophy, Hindu philosophy, Vedāntic philosophy, Advaita Vedānta, comparative philosophy, religious studies and South Asian studies. | ||
| 650 |
_aMystical Ontology _9572 |
||
| 650 |
_aGlobalization of Philosophy _9573 |
||
| 650 |
_aPhilosophy of Language _9574 |
||
| 700 |
_aRamesh, Kotta _9575 |
||
| 942 |
_2ddc _cBK |
||
| 999 |
_c750936 _d750936 |
||